000 004580000a22001810004500
003 MACL
005 20160129124747.0
008 160129b xxu||||| |||| 00| 0 eng d
040 _aMACL
_cMACL
041 _aEnglish
082 _a641.5/SIN
100 _aSingh, Rashmi Uday
_935282
245 _aThe Oberoi Penguin Celebrity Cookbook
260 _bViking
_c1999
_aNew Delhi
350 _a500
650 _aFood & drinks
_96521
942 _cBK
_k641.5/SIN
_2ddc
999 _c31705
_d31705